Mit anderen Augen Versuch über den politiker und privatmann Willy Brandt

Gardado en:
Detalles Bibliográficos
Autor Principal: Brandt, Peter
Formato: Libro
Idioma:German
Etiquetas: Engadir etiqueta
Sen Etiquetas, Sexa o primeiro en etiquetar este rexistro!

MARC

LEADER 00000nam a22000007a 4500
003 cru CIDCACS/IIS
005 20191008142648.0
008 190826b ||||| |||| 00| 0 ger d
999 |c 42298  |d 42298 
040 |c cru CIDCACS/IIS 
090 |a 19.02.02 B821m 
100 |9 8650  |a Brandt, Peter 
245 |a Mit anderen Augen  |b Versuch über den politiker und privatmann Willy Brandt  |c Brandt, Peter 
942 |2 ddc  |c LI